000 01890nam0a2200325 i 4500
001 RU\NLR\BIBL_A\011292556
005 20241102055054.0
010 _a9785905212673
_9500
021 _aRU
_b2016-91938
_96068
035 _a(NLR Aleph) 011292556
090 _a10930323
_c10930323
100 _a20161214d2016 mu y0rusy50 ca
101 0 _arus
102 _aRU
105 _aa z 000yy
200 1 _aРуководство по лечению ран методом управляемого отрицательного давления
_fРос. обществ. орг. по содействию охране здоровья граждан, страдающих раневыми инфекциями, "Чистая рана" [и др.
_gпод ред. С.В. Горюнова]
205 _aИзд. 2-е, доп.
210 _aМосква
_cАпрель
_d2016
215 _a265 с.
_cцв. ил.
_d24
300 _aВ надзаг. также: ГБУЗ "Гор. клин. больница №15 им. О.М. Филатова ДЗМ", ФГБУ "Ин-т хирургии им. А.В. Вишневского" МЗ РФ, ГБУЗ Моск. клин. науч. центр ДЗМ
320 _aБиблиогр.: с. 253-265 (264 назв.)
606 _aРаны
_jРуководства, пособия и т.п
_xВакуум-терапия
_91239957
_3RU\NLR\AUTH\66189021
686 1 _aР458.141-541.4я77
702 1 _aГорюнов
_bС. В.
_gСергей Витальевич
_4340
712 0 2 _4570
_a"Чистая рана", санкт-петербургская общественная организация по содействию охране здоровья граждан, страдающих раневыми инфекциями
_9542140
_3RU\NLR\AUTH\880438967
942 _cBOOK
980 _aNBR